| 000 | 00374nam a22001097a 4500 | ||
|---|---|---|---|
| 008 | 160624b xxu||||| |||| 00| 0 eng d | ||
| 100 |
_91020 _aKosambi, D, D, |
||
| 245 | _aThe Culture and Civilisation of Ancient Indianin Historical Outline | ||
| 260 |
_a N.D _b Vikas Pub. _c1989 |
||
| 300 | _aThe Culture and Civilisation of Ancient Indianin Historical Outline | ||
| 942 |
_2ddc _cBK |
||
| 999 |
_c818 _d818 |
||